Statistiques concernant Philosophes Antiques

Cliquez ici pour prendre le quiz!

Statistiques générales

  • Ce quiz a été pris 413 fois
    (356 depuis la dernière actualisation)
  • Le résultat moyen est 8 sur 20

Statistiques - réponses

Philosophe% Correct
Platon
98%
Aristote
94%
Socrate
90%
Epicure
56%
Pythagore
54%
Sénèque
49%
Thalès
48%
Marc Aurèle
45%
Cicéron
38%
Diogène le Cynique
37%
Epictète
35%
Héraclite
22%
Parménide
19%
Démocrite
18%
Lucrèce
17%
Plotin
15%
Plutarque
14%
Protagoras
12%
Sextus Empiricus
7%
Critias
1%

Distribution des résultats

Percentile par nombre de réponses

% des personnes avec chaque résultat

Votre développement - résultats

Vous n’avez pas pris ce quiz depuis la dernière actualisation